000 00680nam a22001697a 4500
005 20251108165407.0
008 250721s1986 xx 000 0 ara d
082 1 4 _aم/016.2111/مجم
245 1 0 _aالفهرس الشامل للتراث العربي الإسلامي المخطوط :
_bعلوم القران :رسم المصاحف /
264 1 _aعمان :
_bالمجمع،
_c1986.
300 _a211ص
490 0 _aسلسله منشورات المجمع الملكي؛56
650 1 7 _aالقران الكريم مصاحف فهارس
710 2 _aالبحوث الحضاره الاسلاميه
_eاعداد المجمع الملكي
942 _2ddc
_cREF
999 _c26828
_d26828